[Event "GER-ch Youth U16 2020"]
[Site "Willingen"]
[Date "2020.10.22"]
[Round "4.12"]
[White "Lohr, Maximilian"]
[Black "Hommel, Niclas"]
[Result "0-1"]
[WhiteElo "2108"]
[BlackElo "2047"]
[Annotator "TA"]
[PlyCount "64"]
[EventDate "2020.10.20"]
[EventType "swiss"]
[EventRounds "7"]
[EventCountry "GER"]
[SourceTitle "playchess.com"]
[Source "ChessBase"]
[SourceQuality "1"]

{[%evp 32,64,0,0,29,-40,0,-32,-30,-120,-106,-114,-108,-124,-56,-54,0,-125,-128,-304,-160,-29986,-29987,-29987,-29988,-29988,-29989,-29989,-29990,-29992,-29993,-29993,-29994,-29994,-29995]} 1. e4 c5 2. Nf3 d6 3. d4 cxd4 4. Nxd4 Nf6 5. Nc3 Nc6 6. Bg5 e6 7. Qd2 Be7 8. O-O-O Nxd4 9. Qxd4 O-O 10. f4 Qa5 11. Bc4 Bd7 12. e5 dxe5 13. fxe5 Bc6 14. Bd2 Nd7 15. Nd5 Qd8 16. Nxe7+ Qxe7 17. Rhe1 b5 {[#] B65: Sicilian: Richter-Rauzer: 7...Be7 8 0-0-0 0-0 9 f4 Nxd4.} 18. Bb3 $146 (18. Bf1 $11) ({Predecessor:} 18. Bf1 a5 19. h4 Rfc8 20. Bg5 Qc5 21. Qxc5 Nxc5 22. Be7 Bd5 23. Bxb5 Bxa2 24. Kd2 Bd5 25. Ke3 {1-0 (50) Travadon,L (2310)-Oboladze,L (2318) Konya 2018}) 18... Nc5 19. Qg4 {Black must now prevent Bg5.} Rfc8 {Black is slightly better.} 20. Re3 (20. Bg5 $11 Qf8 21. Qh4) 20... a5 21. Rg3 {[%csl Gg3][%cal Rg4g7]} g6 22. Bg5 Qf8 ({Better is} 22... Qc7 $17 {And now ...a4 would win.} 23. c3 Ne4) 23. Qh4 $15 {Hoping for Bh6.} a4 (23... h5 $15 24. Bf6 Qh6+ 25. Bg5 Qg7) 24. Be7 (24. Bd5 $11 {keeps the balance.} exd5 25. Be7) 24... axb3 $17 25. cxb3 $2 {[#] Loses the game.} (25. a3 $17 Ra4 26. Bxf8 Rxh4 27. Bxc5) 25... Be4 $1 {[%mdl 512]} 26. Rd4 $2 (26. Kd2 $17 Qe8 27. Bxc5) 26... Nxb3+ {[%mdl 64] Double Attack, Discovered Attack (Double check). Black mates.} 27. Kd1 Rc1+ 28. Ke2 Nxd4+ 29. Kd2 Rc2+ {[%mdl 64] Double Attack} 30. Kd1 {[#]} Rxa2 $1 {[%cal Ra2a1]} 31. Ra3 Rxa3 32. Bxa3 Qa8 {Av CentiPawn Loss W=-137/B=-29. Weighted=-303/-27} 0-1

[Event "GER-ch Youth U16 2020"]
[Site "Willingen"]
[Date "2020.10.23"]
[Round "5.1"]
[White "Köllner, Ruben Gideon"]
[Black "Kölle, Tobias"]
[Result "1/2-1/2"]
[WhiteElo "2337"]
[BlackElo "2323"]
[Annotator "TA"]
[PlyCount "72"]
[EventDate "2020.10.20"]
[EventType "swiss"]
[EventRounds "7"]
[EventCountry "GER"]
[SourceTitle "playchess.com"]
[Source "ChessBase"]
[SourceQuality "1"]

{[%evp 11,72,9,27,6,31,9,9,-10,0,-3,0,-12,-8,-35,-40,-58,-46,-44,-53,-37,-43,-78,-64,-64,-31,-37,-35,-90,-89,-87,-86,-89,-43,-43,-43,-43,-51,-48,-12,-17,-16,-21,-25,-20,-20,-15,-7,-41,-41,-43,-45,-54,-43,-43,-38,-38,-38,-38,-38,-43,-43,-43,-43]} 1. d4 Nf6 2. Nf3 e6 3. Nbd2 d5 4. e3 c5 5. b3 Nc6 6. Bb2 Bd6 7. Bd3 {D05: Colle System with ...e6.} O-O 8. a3 b6 9. Ne5 {The position is equal.} Bb7 10. O-O Rc8 11. f4 Ne7 12. Qe2 Ne4 13. Nxe4 dxe4 14. Bc4 cxd4 15. exd4 Qc7 {[#]} 16. c3 $146 ({Predecessor:} 16. a4 Kh8 17. Qh5 Nd5 18. f5 Ne3 19. fxe6 Nxf1 20. exf7 Bxe5 21. Rxf1 Bf6 22. Be6 {0-1 (28) Msellek,I (2316)-Kurmann,O (2430) Europe Chess INT 2020}) 16... Nd5 17. Bxd5 Bxd5 18. c4 Bb7 19. g3 {[#]} ({White should try} 19. Qf2 $15) 19... Bxe5 $1 $17 20. fxe5 {[#]} e3 $1 {[%mdl 512] Strongly threatening ...Qc6.} 21. h3 (21. Qxe3 Qc6) 21... f6 {And now ...Qc6 would win.} ({Don't play} 21... Qc6 $6 22. Kh2 $11) 22. Qxe3 Qc6 {[%csl Gb7][%cal Rc6g2] [#]} 23. d5 $1 {[%cal Rd5c6][%mdl 512]} exd5 24. Qd4 dxc4 (24... Qd7 {feels hotter.} 25. exf6 Qxh3 26. Qh4 Qxh4 27. gxh4 dxc4 28. fxg7 Rxf1+ 29. Rxf1 c3) 25. Qxc4+ Qxc4 26. bxc4 fxe5 27. Rxf8+ Kxf8 $15 {[%mdl 4096] Endgame KRB-KRB} 28. Rf1+ Kg8 29. Bxe5 Rxc4 {Black is slightly better.} 30. Rd1 Bc6 31. Rd8+ Kf7 32. Rc8 Bd5 33. Rxc4 Bxc4 34. Kf2 g6 35. Ke3 Ke6 36. Kd4 Bf1 {Av CentiPawn Loss W=-8/B=-5. Weighted=-8/-5} 1/2-1/2

[Event "GER-ch Youth U16 2020"]
[Site "Willingen"]
[Date "2020.10.23"]
[Round "5.2"]
[White "Fromm, Marius"]
[Black "Kolb, Tobias"]
[Result "1/2-1/2"]
[WhiteElo "2190"]
[BlackElo "2268"]
[Annotator "TA"]
[PlyCount "67"]
[EventDate "2020.10.20"]
[EventType "swiss"]
[EventRounds "7"]
[EventCountry "GER"]
[SourceTitle "playchess.com"]
[Source "ChessBase"]
[SourceQuality "1"]

{[%evp 10,67,24,14,24,8,52,50,54,42,33,4,7,7,22,38,33,34,29,21,37,33,129,59,56,68,91,101,65,41,45,24,39,9,71,81,196,0,0,0,0,0,0,0,4,6,10,-25,-14,-29,18,19,17,0,0,0,0,0,0,-2]} 1. e4 c6 2. Nc3 d5 3. Nf3 Bg4 4. h3 Bxf3 5. Qxf3 e6 6. Be2 Nf6 {B11: Caro-Kann: Two Knights Variation.} 7. O-O Bb4 8. e5 Nfd7 {White is slightly better.} 9. Qg4 Bf8 $1 10. f4 g6 {[#]} 11. d4 $146 ({Predecessor:} 11. d3 h5 12. Qg3 Be7 13. Nd1 c5 14. c3 Nc6 15. Qe1 Qc7 16. a4 h4 17. Nf2 {0-1 (36) Baskin,R (2390)-Murzin,V (2465) chess.com INT 2020}) 11... Qb6 12. Rd1 $36 {[%mdl 2048] White is more active.} c5 13. dxc5 $1 Qxc5+ 14. Kh1 Nc6 15. Nb5 {And now Nc7+ would win.} Nb4 {[#]} ({Black should play} 15... Rc8 $14) 16. c3 (16. Bd2 $1 $16 {[%cal Rd2b4]} Qb6 17. c4) 16... Nc2 $14 17. Rb1 a6 18. b4 Qb6 19. Nd4 (19. a4 {looks sharper.} Rc8 20. Qf3 axb5 21. Bxb5 Qc7 22. Bb2) 19... Nxd4 20. Rxd4 Rc8 21. Rb3 Bg7 (21... Qd8 $11) 22. Be3 $16 {Threatens to win with c4.} O-O {[#]} (22... Qc7 $16 {was worth a try.}) 23. Qf3 $2 ({White must play} 23. c4 $1 $18) 23... Qc7 $11 24. c4 Nb6 {[%cal Rb6c4]} 25. c5 Nd7 26. Rd1 f6 27. exf6 Nxf6 28. Bd3 Nh5 {[%cal Rh5f4]} 29. Rf1 e5 30. Qxd5+ {The position is equal.} Kh8 {Hoping for ...Rcd8.} 31. Qf3 exf4 32. Bf2 Ng3+ 33. Bxg3 $1 fxg3 34. Qd5 {Av CentiPawn Loss W=-14/B=-15. Weighted=-23/-16} 1/2-1/2

[Event "GER-ch Youth U16 2020"]
[Site "Willingen"]
[Date "2020.10.23"]
[Round "5.3"]
[White "Deuer, Marius"]
[Black "Lohvinov, Petro"]
[Result "1-0"]
[WhiteElo "2209"]
[BlackElo "2152"]
[Annotator "TA"]
[PlyCount "51"]
[EventDate "2020.10.20"]
[EventType "swiss"]
[EventRounds "7"]
[EventCountry "GER"]
[SourceTitle "playchess.com"]
[Source "ChessBase"]
[SourceQuality "1"]

{[%evp 14,51,49,42,58,59,54,43,40,42,56,45,54,35,71,82,79,70,72,75,66,62,66,22,70,37,74,70,53,51,272,296,379,388,737,733,737,743,724,657]} 1. e4 c5 2. Nf3 e6 3. d4 cxd4 4. Nxd4 a6 5. Bd3 Bc5 6. Nb3 Be7 7. Qg4 g6 8. Qe2 d6 {B42: Sicilian: Kan Variation: 5 Bd3.} 9. O-O Nd7 10. c4 Qc7 {White is slightly better.} 11. Nc3 b6 12. f4 Ngf6 13. f5 gxf5 14. exf5 e5 15. Be4 {[#]} Bb7 $146 ({Predecessor:} 15... Nxe4 16. Nd5 Qb7 17. Qxe4 Nf6 18. Qf3 Nxd5 19. cxd5 Qd7 20. Be3 Bb7 21. f6 Bf8 {0-1 (42) Geller,J (2494)-Kobalia,M (2643) Moscow 2004}) 16. Bxb7 Qxb7 17. a4 Rg8 18. Nd2 Rc8 19. Rd1 Rg4 {[#]} 20. b3 $1 Nc5 21. Ba3 Nd3 $2 {Loses the game.} (21... Rd4 $14) 22. Nde4 $1 $18 {[%cal Re4f6][%mdl 64] Deflection} Nxe4 23. Qxg4 Nef2 $2 (23... Nxc3 24. Rxd3 {[%mdl 64] Double Attack} Qe4 25. Qxe4 Nxe4) 24. Qg8+ {[%mdl 64] [#] Double Attack. White is clearly winning.} Kd7 25. Qxf7 Rf8 26. Qe6+ {Av CentiPawn Loss W=-8/B=-42. Weighted=-8/-59} 1-0

[Event "GER-ch Youth U16 2020"]
[Site "Willingen"]
[Date "2020.10.23"]
[Round "5.4"]
[White "Pubantz, Jan"]
[Black "Boder, Jan"]
[Result "0-1"]
[WhiteElo "2295"]
[BlackElo "2155"]
[Annotator "TA"]
[PlyCount "58"]
[EventDate "2020.10.20"]
[EventType "swiss"]
[EventRounds "7"]
[EventCountry "GER"]
[SourceTitle "playchess.com"]
[Source "ChessBase"]
[SourceQuality "1"]

{[%evp 9,58,34,39,48,56,69,62,34,45,46,144,137,188,151,224,217,214,194,172,125,139,166,137,0,0,0,0,0,0,0,0,-100,0,0,0,0,0,-945,-949,-940,-931,-908,-858,-1876,-917,-1127,-1120,-1112,-966,-29999,-29999]} 1. d4 Nf6 2. c4 c5 3. d5 b5 4. cxb5 a6 5. bxa6 g6 6. Nc3 {A58: Benko/Volga Gambit: Lines with 5 bxa6.} Bg7 7. e4 O-O 8. e5 {White is slightly better.} Ne8 9. h4 {is now debated instead of 9.Nf3.} h5 ({Black should try} 9... Bxe5 $14 10. Bh6 Bg7) 10. g4 $1 $16 {[#]} Bxa6 $146 (10... Bxe5 $16 11. gxh5 Bxa6) ({Predecessor:} 10... hxg4 11. h5 d6 12. hxg6 dxe5 13. Qc2 f5 14. f3 Qd6 15. fxg4 Nxa6 16. Bc4 e4 {0-1 (37) Materia,M (2269)-Romanov,E (2599) chess.com INT 2020}) 11. gxh5 $18 Bxf1 (11... Bxe5 $16 {was worth a try.} 12. Nf3 Bg7) 12. Kxf1 Bxe5 13. hxg6 fxg6 14. Qg4 {Threatens to win with h5.} Qb6 15. Nf3 Qf6 16. Kg2 (16. Rh3 $1 $16) 16... Bxc3 $11 17. bxc3 {Rh3 is the strong threat.} Ra4 $1 $36 {[%cal Ra4g4][%mdl 2048] White is under pressure.} 18. Qh3 Ng7 19. Bg5 Qf7 20. Rae1 (20. Rad1 $11) 20... Nh5 (20... Qxd5 $17 {And now ...Rxf3! would win.} 21. Re5 Qb7) 21. Rxe7 Qxd5 {Strongly threatening ...Rxf3!} 22. Re5 $1 {[%cal Re5d5]} Qc6 {aiming for ...Rxf3!} 23. Rhe1 $2 {[%mdl 8192] [#]} (23. Re3 $11) 23... Rxf3 $1 $19 {[%mdl 512]} 24. Re8+ (24. Qxf3 Rg4+) 24... Kh7 25. R1e7+ Ng7 ({Not} 25... Rf7+ 26. Kg1 $15) 26. Qh2 Rxa2 (26... Re3+ $142 27. Re4 Raxe4 28. fxe3 Rxh4+ {[%mdl 64] Discovered Attack} 29. Kg1 Rxh2 30. Rh8+ Kxh8 31. Kxh2 {[#]} Qd5 $1 {[%mdl 512]}) 27. Rxg7+ Kxg7 28. Qe5+ Rf6+ $1 29. Kf1 Raxf2+ {Never resign too early! Av CentiPawn Loss W=-143/B=-60. Weighted=-110/-91} 0-1

[Event "GER-ch Youth U16 2020"]
[Site "Willingen"]
[Date "2020.10.23"]
[Round "5.5"]
[White "Pahl, Erik"]
[Black "Dahl, Christoph"]
[Result "0-1"]
[WhiteElo "2097"]
[BlackElo "2262"]
[Annotator "TA"]
[PlyCount "80"]
[EventDate "2020.10.20"]
[EventType "swiss"]
[EventRounds "7"]
[EventCountry "GER"]
[SourceTitle "playchess.com"]
[Source "ChessBase"]
[SourceQuality "1"]

{[%evp 20,80,12,17,108,118,119,110,101,108,99,102,214,114,442,410,379,392,1487,108,125,46,231,0,0,-60,0,-10,-7,-18,0,-18,0,0,20,-6,-12,-69,-60,-95,-107,-85,-80,-79,-79,-83,-77,-83,-71,-96,-45,-136,-131,-162,-162,-188,-185,-184,-184,-348,-354,-330,-333]} 1. e4 c5 2. Nf3 d6 3. d4 cxd4 4. Nxd4 Nf6 5. Nc3 a6 6. Bc4 e6 7. O-O Be7 8. Bb3 O-O 9. Be3 Qc7 10. f4 Nc6 11. f5 {[%cal Rf5e6]} e5 {B88: Sicilian: Sozin Attack.} (11... Nxd4 $11 {keeps the balance.} 12. Qxd4 e5) 12. Nde2 $1 $16 b5 13. Ng3 Bb7 {White is better.} 14. Nd5 Nxd5 15. Bxd5 {Hoping for f6!} Na5 (15... Kh8 $16 {is a better defense.}) 16. Bxb7 {[#]} (16. Qg4 $1 $18 Kh8 17. Nh5 (17. Bxb7 Nxb7 18. c3 Nc5 $11)) 16... Qxb7 $146 {[%mdl 8192] [#]} (16... Nxb7 $16 17. Nh5 f6) ({Predecessor:} 16... Nxb7 17. f6 Bxf6 18. Rxf6 gxf6 19. Qf3 f5 20. Bh6 f6 21. Bxf8 Rxf8 22. Nxf5 Kh8 {½-½ (37) Henderson de la Fuente,L (2306)-Oboladze,L (2076) Prague 2016}) 17. f6 $1 $18 {[%mdl 512]} Bxf6 {[#]} 18. Rxf6 $1 {[%mdl 512]} gxf6 $2 (18... Kh8 19. Rxd6 Nc4) 19. Qf3 $2 {[#]} (19. Qh5 $18 {and the rest is easy. White wants to mate with Qh6.} Rfe8 20. Qh6) 19... f5 $1 $16 {[#] With the idea ...f4.} 20. Nxf5 ({Better is} 20. Bh6 $1 $16 Kh8 21. Bxf8 (21. Qxf5 f6 $16) 21... Rxf8 22. Nxf5 (22. Qxf5 f6 $16)) (20. exf5 Qxf3) 20... f6 $2 {[#]} (20... Kh8 $1 $14) 21. Nxd6 $2 ({White has to play} 21. Bh6 $1 $18 Rf7 22. Rd1) 21... Qc7 $1 $11 {[%cal Rc7d6]} 22. Nf5 (22. Bh6 $11) 22... Kh8 23. Qf2 {Black must now prevent Bb6.} Nb7 24. Rf1 Rac8 25. c3 $1 Nc5 26. Qh4 Ne6 27. Ng3 (27. h3 {is interesting.} Rcd8 28. Kh2 Nf4 29. Rf3 Rd7 30. a3) 27... Nf4 28. Bxf4 ({White should play} 28. h3 $11) 28... exf4 $15 29. Nf5 Rcd8 30. Nd4 b4 31. Qxf4 Qxf4 32. Rxf4 bxc3 33. bxc3 $17 {[%mdl 4096] Endgame KRR-KRN} Rc8 34. Rf3 Rfe8 ({Black should try} 34... a5 $17) 35. Re3 (35. Rxf6 $15 Rxe4 36. h3) 35... Rc4 36. Kf2 Ra4 37. Kf3 Rxa2 38. c4 Rc8 39. Rc3 $2 (39. Nf5) 39... Ra4 $19 40. Ne2 {If White can now play c5 this consolidates a bit.} Rcxc4 {Never resign too early! Av CentiPawn Loss W=-68/B=-61. Weighted=-100/-30} ({Not} 40... Raxc4 41. Ra3 $19) 0-1

[Event "GER-ch Youth U16 2020"]
[Site "Willingen"]
[Date "2020.10.23"]
[Round "5.6"]
[White "Dobrikov, Marco"]
[Black "Müller, Magnus"]
[Result "1/2-1/2"]
[WhiteElo "2332"]
[BlackElo "2030"]
[Annotator "TA"]
[PlyCount "102"]
[EventDate "2020.10.20"]
[EventType "swiss"]
[EventRounds "7"]
[EventCountry "GER"]
[SourceTitle "playchess.com"]
[Source "ChessBase"]
[SourceQuality "1"]

{[%evp 21,102,18,20,15,17,-16,0,-50,41,19,7,41,22,14,20,1,49,-32,96,86,158,116,183,175,166,172,153,118,134,80,83,71,75,86,78,89,50,8,18,8,8,8,7,8,8,8,8,0,30,51,120,20,23,20,16,8,8,0,0,0,8,8,8,8,8,8,8,8,1695,1375,5249,8,8,8,8,8,8,8,8,8,8,8,8]} 1. e4 c5 2. Nf3 Nc6 3. d4 cxd4 4. Nxd4 e6 5. Nc3 Qc7 6. Be3 a6 7. Bd3 Nf6 8. O-O b5 9. Nxc6 Qxc6 10. a3 Bb7 11. Qe2 Rc8 12. Bd4 {B48: Sicilian: Taimanov: 5 Nc3 Qc7 6 Be3 a6 without Be2.} Bc5 13. Bxf6 gxf6 14. Nd5 {[#]} Be7 $146 (14... f5 $15 15. Rae1 Qd6) ({Predecessor:} 14... f5 15. Rae1 Kf8 16. Nf4 fxe4 17. Bxe4 Qxe4 18. Qxe4 Bxe4 19. Rxe4 Bd6 20. Rc1 f5 {0-1 (31) Bonaretti,A (1887)-Bassanini,M (1897) ICCF email 2016}) 15. Ne3 Rg8 16. c4 b4 17. axb4 Bxb4 18. Kh1 Be7 19. b4 ({White should play} 19. Rfb1 $14) 19... Qc7 (19... Bxb4 $15 {stays ahead.} 20. Qb2 Be7) 20. c5 $36 {[%mdl 2048] Keeping Black busy.} d6 (20... Rb8 $142) 21. c6 Qxc6 (21... Bxc6 $16 {might work better.} 22. Rxa6 Bb7) 22. b5 $1 $18 {[%cal Rb5c6]} Qc5 23. bxa6 Ba8 24. Qd2 Qc3 25. Qxc3 (25. Bb5+ $142 Kf8 26. Qxc3 Rxc3 27. Rfc1 Rxc1+ 28. Rxc1) 25... Rxc3 $16 26. Rfc1 Rxc1+ 27. Rxc1 {Rc8+ is the strong threat.} Kd7 28. Bb5+ Kd8 29. h4 {Black should prevent Bc6.} f5 $1 30. a7 Bxh4 31. Bc6 Bxc6 32. Rxc6 $11 {[%mdl 4096] Endgame KRB-KRN} Kd7 33. Ra6 $1 Ra8 $1 34. g3 Bd8 35. exf5 h5 {[#]} (35... Bc7 $14) 36. Kg2 (36. fxe6+ $1 $16 fxe6 37. Nc4) 36... d5 37. fxe6+ fxe6 38. f4 Be7 39. Ra5 Kc6 40. Ra6+ Kd7 $1 41. f5 exf5 42. Nxd5 {White threatens Nb6+ and mate.} Bc5 43. Nf6+ Ke7 44. Rc6 Bd6 $2 {[%mdl 8192]} (44... Bd4 $11 45. Nd5+ Kd7) 45. Nd5+ $18 Kd7 {[#]} 46. Rxd6+ $2 (46. Nb6+ $1 $18 Kxc6 47. Nxa8 Bxg3 48. Nc7 {[%mdl 64] Clearance, Promotion} (48. Kxg3 Kb7 $11)) 46... Kxd6 {KR-KN. The position is equal.} 47. Nb6 Rxa7 {( -> ...Kc5)} 48. Nc8+ {[%mdl 64] Double Attack} Ke5 49. Nxa7 f4 50. Nc6+ Ke4 51. gxf4 Kxf4 {Av CentiPawn Loss W=-44/B=-63. Weighted=-44/-60} 1/2-1/2

[Event "GER-ch Youth U16 2020"]
[Site "Willingen"]
[Date "2020.10.23"]
[Round "5.7"]
[White "Sulayev, Daniel"]
[Black "Hinrichs, Paul"]
[Result "1/2-1/2"]
[WhiteElo "2193"]
[BlackElo "2168"]
[Annotator "TA"]
[PlyCount "61"]
[EventDate "2020.10.20"]
[EventType "swiss"]
[EventRounds "7"]
[EventCountry "GER"]
[SourceTitle "playchess.com"]
[Source "ChessBase"]
[SourceQuality "1"]

{[%evp 14,61,29,26,59,17,27,23,23,30,24,31,26,30,14,1,9,4,2,11,3,12,17,7,4,10,17,-12,-12,-4,0,-19,-19,-27,-7,-9,-10,-12,-3,-4,-10,-15,0,-12,2,0,0,-5,0,0]} 1. c4 c6 2. Nf3 d5 3. e3 Nf6 4. Nc3 g6 5. Be2 Bg7 6. O-O O-O 7. d4 b6 8. b3 c5 {D94: Grünfeld: 4 Nf3 Bg7 5 e3.} 9. Bb2 cxd4 10. Nxd4 {next cxd5 is good for White.} Bb7 $1 {White has an edge.} 11. cxd5 Nxd5 {[#]} 12. Rc1 $146 ({Predecessor:} 12. Nxd5 Bxd5 13. Bf3 Na6 14. Qe2 Nc5 15. Rfd1 Bxf3 16. Qxf3 Qe8 17. Qe2 Rc8 18. Rac1 {½-½ (35) Khademalsharieh,S (2487)-Shen,Y (2402) Xian 2019}) 12... Nxc3 13. Bxc3 e5 14. Nb5 {[#] Qxd8 is the strong threat.} Qg5 {[%csl Gb7][%cal Rg5g2]} 15. Bf3 e4 16. Be2 Rd8 17. Qc2 {Strongly threatening Bxg7.} Nc6 18. Bxg7 Kxg7 19. Rfd1 Qe5 20. Qc3 Qxc3 21. Nxc3 Ne5 22. Rxd8 Rxd8 23. Rc2 Nd3 24. a3 {The position is equal.} Rc8 {White must now prevent ...Bd5!} 25. Bd1 {[#]} Nb2 $1 {[%mdl 512]} 26. Rxb2 {Hoping for Ne2.} Rxc3 27. Kf1 Kf6 28. Ke1 Ke5 29. Kd2 Rd3+ 30. Kc1 h5 31. Rd2 {Av CentiPawn Loss W=-5/B=-3. Weighted=-4/-3} 1/2-1/2

[Event "GER-ch Youth U16 2020"]
[Site "Willingen"]
[Date "2020.10.23"]
[Round "5.8"]
[White "Nguyen, Alex Dac-Vuong"]
[Black "Skabs, Denis"]
[Result "1-0"]
[WhiteElo "2343"]
[BlackElo "1875"]
[Annotator "TA"]
[PlyCount "89"]
[EventDate "2020.10.20"]
[EventType "swiss"]
[EventRounds "7"]
[EventCountry "GER"]
[SourceTitle "playchess.com"]
[Source "ChessBase"]
[SourceQuality "1"]

{[%evp 11,89,31,29,25,27,22,82,82,73,75,73,53,160,167,167,167,162,170,205,195,336,336,298,278,1160,1162,942,635,597,627,594,611,572,331,323,326,331,323,298,296,296,283,283,283,283,283,289,297,283,279,295,259,332,319,516,511,516,488,507,495,490,474,564,631,758,712,789,679,1428,1468,1166,1066,6198,6191,5310,5310,29979,29978,29978,1834]} 1. e4 e5 2. Nf3 Nc6 3. Bb5 Nge7 4. Nc3 g6 5. d4 exd4 6. Nd5 Bg7 $1 7. Bg5 {[#] Strongly threatening Bxc6. C60: Ruy Lopez: Unusual Black 3rd moves and 3...g6.} h6 8. Bf6 Kf8 {is cutting edge theory.} (8... Bxf6 $11 {remains equal.} 9. Nxf6+ Kf8) 9. Bxg7+ $16 {White is better.} (9. Nxd4 $6 Bxf6 10. Nxf6 Nf5 $11) 9... Kxg7 10. Bxc6 ({Reject} 10. Nxd4 Nxd5 11. exd5 Re8+ 12. Ne2 a6 $11) 10... Nxc6 11. Nxd4 Nxd4 (11... Ne7 $14) 12. Qxd4+ f6 13. O-O-O $36 {[%mdl 2048] e5 is the strong threat. White has strong initiative.} d6 {[#]} 14. Qc3 $146 ({Predecessor:} 14. Rd3 Rf8 15. h4 Be6 16. h5 g5 17. f4 Bxd5 18. exd5 Qe8 19. Re3 Qf7 20. fxg5 hxg5 {1-0 (52) Socko,M (2456)-Foisor,C (2361) Wroclaw 2015}) 14... c6 15. Nf4 {[%cal Bd5f4,Bf4h5,Bh5f6][%mdl 32] Hoping for Qg3.} Qe7 (15... Rg8 {is a better defense.} 16. Qb4 c5) 16. Qg3 $18 g5 {[#]} 17. Rxd6 $3 {[%mdl 512]} Qxe4 $2 (17... h5) (17... Qxd6 18. Nh5+) 18. Nh5+ {[%mdl 64] Double Attack} Kg6 19. Nxf6 Qf4+ 20. Qxf4 gxf4 21. Re1 Bf5 22. Re5 Rad8 23. Nd7+ Kf7 24. Rf6+ ({Don't play} 24. Rxf5+ Ke7 $18) 24... Kg8 25. Rfxf5 {Nf6+ would kill now.} Rxd7 {[%mdl 4096] Endgame KRR-KRR} 26. Re8+ ({Don't do} 26. Rxf4 Kg7 $18) 26... Kg7 27. Rxh8 Kxh8 28. Rxf4 {KR-KR} Kg7 29. h4 Kg6 30. a4 Rd5 31. b3 a5 32. g4 Rd7 $2 (32... h5 33. g5 Rd6) 33. Rf5 Rd4 34. f3 b6 35. h5+ Kg7 36. f4 Rd6 37. g5 hxg5 38. fxg5 c5 39. Re5 Kf7 40. g6+ Kf6 41. Re8 Rd5 42. Rf8+ Kg7 43. Rf7+ Kg8 44. h6 Rd8 45. Rb7 {Black did not feel at home in the position after the opening. Av CentiPawn Loss W=-46/B=-83. Weighted=-21/-154} (45. h7+ $142 Kh8 46. g7+ Kxh7 47. Rf8 Kxg7 48. Rxd8 Kf7 49. Rd7+ Ke6 50. Rb7) 1-0

[Event "GER-ch Youth U16 2020"]
[Site "Willingen"]
[Date "2020.10.23"]
[Round "5.9"]
[White "Mainka, Alwin"]
[Black "Weihrauch, Jakob"]
[Result "0-1"]
[WhiteElo "1954"]
[BlackElo "2184"]
[Annotator "TA"]
[PlyCount "68"]
[EventDate "2020.10.20"]
[EventType "swiss"]
[EventRounds "7"]
[EventCountry "GER"]
[SourceTitle "playchess.com"]
[Source "ChessBase"]
[SourceQuality "1"]

{[%evp 14,68,19,19,7,13,7,0,0,-45,-14,-21,-31,-41,-30,-30,15,-7,-11,0,-6,-51,-50,-53,-57,-56,-49,-59,-44,-50,-52,-41,-41,-56,-51,-50,-12,-19,-14,-51,-24,-68,-49,-85,0,-100,0,-97,114,-908,-917,-1195,-1195,-29987,-29988,-29997,-84]} 1. e4 c5 2. Nf3 d6 3. d4 cxd4 4. Nxd4 Nf6 5. Nc3 a6 6. g3 e5 7. Nde2 Be7 8. a4 Nc6 {B91: Sicilian Najdorf: 6 g3.} 9. Bg2 Nb4 10. O-O Be6 {The position is equal.} 11. Nd5 Nbxd5 12. exd5 Bf5 13. c4 {[#]} Rc8 $146 ({Predecessor:} 13... Qc8 14. b3 Bh3 15. Be3 Bxg2 16. Kxg2 O-O 17. Rc1 Qd7 18. Nc3 Rac8 19. h3 Ne8 {½-½ (32) Su,Y (2209)-Li,X (2134) Zhongshan 2013}) 14. b3 O-O (14... b5 $5 {[%cal Rb5c4]}) 15. Nc3 Nd7 16. Be3 Bg6 17. f4 exf4 18. gxf4 Bf6 19. Rc1 {Hoping for f5.} Re8 20. Qd2 Bf5 21. Ne2 Nc5 22. Bxc5 $1 dxc5 23. Ng3 Bd4+ 24. Kh1 Bg4 (24... Bd7 {seems wilder.} 25. Ne4 Rb8 26. Rce1 Qb6 27. f5 f6) 25. Rce1 Rxe1 26. Qxe1 Qd7 $36 {[%mdl 2048] Black has some pressure.} 27. f5 Re8 28. Qd2 h5 (28... Re3 $17 29. Re1 Rxe1+ 30. Qxe1 g6) 29. h3 (29. Qg5 $1 $11) 29... Be3 (29... Re3 $1 $17 {Threatens to win with ...Qe7.} 30. hxg4 Qd8) 30. Qc3 {[#]} (30. Qe1 $11 {keeps the balance.} Bd4 31. Qd2) 30... Qd6 $2 (30... h4 $1 $17 {stays on course. White must now prevent ...Bd4.} 31. Re1 Bd4) 31. Ne4 $2 {[%mdl 8192] [#] Now White is beyond hope.} ({And not} 31. hxg4 hxg4 32. Nh5 Qh6 $17) (31. Qe1 $16 Qh6 32. d6) 31... Rxe4 $1 $19 {[%mdl 512]} 32. Bxe4 {[#]} Qg3 $1 {[%cal Rg3h3]} 33. Bg2 Bxh3 {[%csl Gg3][%cal Rh3g2]} 34. Rg1 Bxg2+ {Av CentiPawn Loss W=-105/B=-57. Weighted=-69/-47} 0-1